| 000 | 00863cpmaa2200241 4500 | ||
|---|---|---|---|
| 001 | mm 79000999 | ||
| 003 | DLC | ||
| 005 | 20260227111634.0 | ||
| 008 | 790423|||||||||||| eng | ||
| 010 | _amm 79000999 | ||
| 040 |
_aDLC _cDLC _edacs _dDLC |
||
| 072 | 7 |
_aL _2lcmd |
|
| 100 | 1 |
_aDalton, Annie Charlotte Armitage, _d1865-1938. |
|
| 245 | 0 | 0 |
_aAnnie Charlotte Armitage Dalton correspondence, _f1924. |
| 300 |
_a1 _fitem. |
||
| 506 | 0 | _aOpen to research. | |
| 545 | 0 | _aPoet. Born Annie Charlotte Armitage. | |
| 546 | _aCollection material in English. | ||
| 580 | _aForms part of: Miscellaneous Manuscripts collection. | ||
| 656 | 7 |
_aPoets. _2itoamc |
|
| 999 |
_c40594 _d40594 |
||